000 00612nam a2200193 4500
001 112841
003 ES-MaACL
005 20230906185641.0
007 t|
008 061121s1962 sp r ||||1| spa d
100 1 _aMurphy, John P.
_984622
245 1 3 _aEl método del ritmo menstrual y la felicidad de la familia /
_cpor John P. Murphy y John D. Laux ; traducido por el Dr. J. M. C.
260 _aMadrid :
_bEspasa Calpe,
_c1962.
300 _aXII, 212 p. :
_bil ;
_c26 cm.
700 1 _aLaux, John D.
_970671
700 1 _aJ. M. C.
_9203457
852 _aES-MaACL
_jA-556
_bR.49424
999 _c112841
_d112841